000 00607nam a2200193 i 4500
001 143637
003 ES-MaACL
005 20230906200847.0
007 t|
008 070214s1925 sp r ||||1| spa d
100 1 _aSerís, Homero,
_d1879-1969
_9105555
245 1 3 _aLa reaparición del `Tirant lo Blanch` de Barcelona de 1497 /
_cHomero Serís.
260 _aMadrid :
_bHernando,
_c1925.
300 _aP. [57]-76 :
_bil. ;
_c26 cm.
595 _aSeparata de: Homenaje a Menéndez Pidal. T. 3 (1925)
600 1 4 _aMartorell, Joanot.
_978534
852 _aES-MaACL
_j1754-F-13
999 _c143637
_d143637